Le Corbusier : Chandigarh /

Hlavní autor: Le Corbusier, 1887-1965
Korporativní autor: Dům umění (Ostrava, Česko)
Další autoři: Pitlach, Milan, 1943-2021, Horňáková, Ladislava, 1963-, Klášter sv. Jiří (Praha, Česko), Dům umění (Opava, Česko)
Jazyk: Čeština
Vydáno: Ostrava : Kabinet architektury :Galerie výtvarného umění v Ostravě, 2014
Vydání: Vyd. 1.
Témata:
Fyzický popis: 55 s. : il. (převážně barev.), portréty, plány, faksim. ; 23 cm
Knihy
Uloženo v:
LEADER 03021nam a2200697 a 4500
001 nkc20142647071
003 CZ PrNK
005 20150223095946.0
007 ta
008 141126s2014 xr acehe c 000 0dcze
020 |a 978-80-905953-0-9  |q (Kabinet architektury ;  |q brož.) 
020 |a 978-80-87405-30-7  |q (Galerie výtvarného umění Ostrava ;  |q brož.) 
040 |a ABA001  |b cze 
043 |a e-fr---  |a a-ii--- 
045 |a x5x6 
072 7 |a 72  |x Architektura  |2 Konspekt  |9 21 
080 |a 72.071.1  |2 MRF 
080 |a 711.4  |2 MRF 
080 |a 72.012.2  |2 MRF 
080 |a 72.036/.038  |2 MRF 
080 |a 725.1  |2 MRF 
080 |a (540)  |2 MRF 
080 |a (44)  |2 MRF 
080 |a (083.824)  |2 MRF 
100 0 |a Le Corbusier,  |d 1887-1965  |7 jn19981001733  |4 arc 
245 1 0 |a Le Corbusier :  |b Chandigarh /  |c [texty Milan Pitlach a Ladislava Horňáková] 
246 3 0 |a Le Corbusier - Chandigarh 
246 3 0 |a Chandigarh 
250 |a Vyd. 1. 
260 |a Ostrava :  |b Kabinet architektury :  |b Galerie výtvarného umění v Ostravě,  |c 2014 
300 |a 55 s. :  |b il. (převážně barev.), portréty, plány, faksim. ;  |c 23 cm 
500 |a Vydáno u příležitosti stejnojmenné výstavy fotografií Milana Pitlacha v Domě umění v Ostravě (GVUO, 5.4.-26.5.2013), v Klášteře sv. Jiří na Pražském hradě (Architecture Week, 15.9.-12.10.2014) a v Domě umění v Opavě (OKO, 13.11.2014-4.1.2015) 
600 0 7 |a Le Corbusier,  |d 1887-1965  |7 jn19981001733  |2 czenas 
648 7 |a 20. století  |7 ch460558  |2 czenas 
648 4 |a 1951-1965 
650 0 7 |a architekti  |7 ph118582  |z Francie  |y 20. století  |2 czenas 
650 0 7 |a města  |7 ph115399  |z Indie  |y 20. století  |2 czenas 
650 0 7 |a urbanismus  |7 ph116541  |z Indie  |y 20. století  |2 czenas 
650 0 7 |a architektonické projekty  |7 ph137760  |z Indie  |y 20. století  |2 czenas 
650 0 7 |a moderní architektura  |7 ph115339  |z Indie  |2 czenas 
650 0 7 |a veřejné budovy  |7 ph137183  |z Indie  |2 czenas 
650 0 9 |a architects  |z France  |y 20th century  |2 eczenas 
650 0 9 |a cities and towns  |z India  |y 20th century  |2 eczenas 
650 0 9 |a city planning  |z India  |y 20th century  |2 eczenas 
650 0 9 |a architectural projects  |z India  |y 20th century  |2 eczenas 
650 0 9 |a modern architecture  |z India  |2 eczenas 
650 0 9 |a public buildings  |z India  |2 eczenas 
651 7 |a Čandígarh (Indie)  |7 ge860425  |2 czenas 
651 9 |a Chandigarh (India)  |2 eczenas 
655 7 |a katalogy výstav  |7 fd132536  |2 czenas 
655 9 |a exhibition catalogs  |2 eczenas 
700 1 |a Pitlach, Milan,  |d 1943-2021  |7 jn20000401996  |4 wfw  |4 pht 
700 1 |a Horňáková, Ladislava,  |d 1963-  |7 mzk2004224865  |4 wfw 
710 2 |a Dům umění (Ostrava, Česko)  |7 kn20050427017 
710 2 |a Klášter sv. Jiří (Praha, Česko)  |7 kn20060121024 
710 2 |a Dům umění (Opava, Česko)  |7 mzk2003185955 
910 2 |a BOA001  |b 2-1338.385 
990 |a BK 
995 |a 11 
991 |b 201502  |c NOV  |e n 
996 6 |b 2610617974  |c 2-1338.385  |l MZK  |r Sklad / do 1 hodiny  |n 2  |p p.v.  |w 001481915  |u 000010  |a 1  |e BOA001  |j MZK50  |s P